000
00269nam a2200097Ia 4500
008
220204s9999 xx 000 0 und d
082
_a
5(031)
_b
LEX
245
4
_a
The Lexicon encyclopedia of science. 5 V
260
_a
Czechoslovakia
_b
Lexicon publishers
_c
1982
942
_c
BK
999
_c
38508
_d
38508